Statistics for Famous Homes - Who Lived There?

Click here to take the quiz!

General Stats

  • This quiz has been taken 25,425 times
    (19,596 since last reset)
  • The average score is 13 of 29

Answer Stats

HomeAnswer% Correct
The White HouseU.S. President
99%
Buckingham PalaceBritish Monarch
97%
10 Downing StreetBritish Prime Minister
85%
GracelandElvis Presley
78%
Playboy MansionHugh Hefner
75%
Neverland RanchMichael Jackson
74%
221B Baker StreetSherlock Holmes
72%
CamelotKing Arthur
69%
Apostolic PalaceThe Pope
59%
Élysée PalaceFrench President
55%
Mount VernonGeorge Washington
49%
Skull IslandKing Kong
45%
MonticelloThomas Jefferson
43%
Beckingham PalaceBeckham Family
40%
Fortress of SolitudeSuperman
39%
742 Evergreen TerraceThe Simpsons
38%
Tara PlantationScarlett O'Hara
36%
Casterly RockLannister Family
28%
Walden PondHenry David Thoreau
26%
The Lonely MountainSmaug
24%
Hampton Court PalaceKing Henry VIII
20%
BiltmoreVanderbilt Family
18%
Downton AbbeyEarl of {Grantham}
17%
Gracie MansionMayor of New York
17%
BerghofAdolf Hitler
16%
ChartwellWinston Churchill
13%
129 West 81st Steet, Apt 5AJerry Seinfeld
11%
Desert Inn (Las Vegas)Howard Hughes
10%
MontpelierJames Madison
10%

Score Distribution

Percentile by Number Answered

Percent of People with Each Score

Your Score History

You have not taken this quiz since the last reset